000
00278nam a22001217a 4500
008
181122b xxu||||| |||| 00| 0 eng d
041
_a
eng
080
_a
821
100
_a
13
101
_a
GJU
245
_a
The Dictionary Of Culrural Literacy
_c
Ket.j.k
942
_2
udc
_c
BK
999
_c
52322
_d
52322